Scorpia / (Record no. 3366)
[ view plain ]
| 000 -LEADER | |
|---|---|
| fixed length control field | 00813nam a22002537a 4500 |
| 001 - CONTROL NUMBER | |
| control field | 3366 |
| 003 - CONTROL NUMBER IDENTIFIER | |
| control field | FISKH |
| 005 - DATE AND TIME OF LATEST TRANSACTION | |
| control field | 20240304151804.0 |
| 008 - FIXED-LENGTH DATA ELEMENTS--GENERAL INFORMATION | |
| fixed length control field | 240229b cb ||||| |||| 00| 0 eng d |
| 040 ## - CATALOGING SOURCE | |
| Original cataloging agency | FISK |
| Language of cataloging | eng |
| Transcribing agency | FISK |
| Modifying agency | FISK |
| 050 ## - LIBRARY OF CONGRESS CALL NUMBER | |
| Classification number | PZ7.H7875 |
| 082 ## - DEWEY DECIMAL CLASSIFICATION NUMBER | |
| Classification number | 823.914 |
| 100 ## - MAIN ENTRY--PERSONAL NAME | |
| Personal name | Horowitz Anthony : |
| Dates associated with a name | 1955- |
| 245 ## - TITLE STATEMENT | |
| Title | Scorpia / |
| Statement of responsibility, etc. | Anthony Horowitz |
| 260 ## - PUBLICATION, DISTRIBUTION, ETC. | |
| Place of publication, distribution, etc. | New York : |
| Name of publisher, distributor, etc. | Scholastic, |
| Date of publication, distribution, etc. | 2006 |
| 300 ## - PHYSICAL DESCRIPTION | |
| Extent | 312 pages : |
| Dimensions | 20 cm : |
| 490 ## - SERIES STATEMENT | |
| Materials specified | Alex rider |
| 505 ## - FORMATTED CONTENTS NOTE | |
| Formatted contents note | M |
| 520 ## - SUMMARY, ETC. | |
| Summary, etc. | After being told that his father was an assassin for a criminal organization, fourteen-year-old Alex goes to Italy to find out more and becomes involved in a plan to kill thousands of English schoolchildren. |
| 521 8# - TARGET AUDIENCE NOTE | |
| Target audience note | 680 |
| Source | M |
| 700 ## - ADDED ENTRY--PERSONAL NAME | |
| Personal name | Anthony Horowitz |
| 942 ## - ADDED ENTRY ELEMENTS (KOHA) | |
| Source of classification or shelving scheme | Dewey Decimal Classification |
| Koha item type | Books |
| Suppress in OPAC | No |
| Withdrawn status | Lost status | Source of classification or shelving scheme | Damaged status | Not for loan | Collection | Home library | Current library | Shelving location | Date acquired | Total Checkouts | Full call number | Barcode | Date last seen | Copy number | Price effective from | Koha item type |
|---|---|---|---|---|---|---|---|---|---|---|---|---|---|---|---|---|
| Dewey Decimal Classification | Fiction | Footprints International School Library Network Toul Kork Campus | Footprints International School Library Network Toul Kork Campus | 02/29/2024 | HOR PZ7.H7875 823.914 | 2024-0145 | 02/29/2024 | 1 | 02/29/2024 | Books | ||||||
| Dewey Decimal Classification | Fiction | Footprints International School Library Network Toul Kork Campus | Footprints International School Library Network Toul Kork Campus | 03/01/2024 | HOR PZ7.H7875 823.914 | 2024-0161 | 03/01/2024 | 2 | 03/01/2024 | Books |
